العالم في القرن العشرين / (رقم التسجيلة. 21449)

تفاصيل مارك
000 -LEADER
fixed length control field 00585nam a22001937a 4500
005 - DATE AND TIME OF LATEST TRANSACTION
control field 20251108165159.0
008 - FIXED-LENGTH DATA ELEMENTS--GENERAL INFORMATION
fixed length control field 250721s1960 xx 000 0 ara d
082 14 - DEWEY DECIMAL CLASSIFICATION NUMBER
Classification number 909.82/شنا
100 1# - MAIN ENTRY--PERSONAL NAME
Personal name شنايدر، لويس ل
245 10 - TITLE STATEMENT
Title العالم في القرن العشرين /
264 1# - PRODUCTION, PUBLICATION, DISTRIBUTION, MANUFACTURE, AND COPYRIGHT NOTICE
Place of production, publication, distribution, manufacture بيروت :
Name of producer, publisher, distributor, manufacturer دار و مكتبة الحياه،
Date of production, publication, distribution, manufacture, or copyright notice 1960.
300 ## - PHYSICAL DESCRIPTION
Extent 247ص
650 17 - SUBJECT ADDED ENTRY--TOPICAL TERM
Topical term or geographic name as entry element العالم
650 17 - SUBJECT ADDED ENTRY--TOPICAL TERM
Topical term or geographic name as entry element التاريخ
650 17 - SUBJECT ADDED ENTRY--TOPICAL TERM
Topical term or geographic name as entry element التاريخ الحديث
700 1# - ADDED ENTRY--PERSONAL NAME
Personal name السامرائي، سعيد عبود
Relator term ترجمة
942 ## - ADDED ENTRY ELEMENTS (KOHA)
Source of classification or shelving scheme Dewey Decimal Classification
Koha item type كتب
المقتنيات
حالة السحب حالة الفقدان مصدر التصنيف حالة التلف غير قابل للإعارة المكتبة الرئيسية المكتبة الحالية موقع الرف تاريخ التزويد الرقم المتسلسل Total Checkouts رقم الإستدعاء الباركود تاريخ آخر ظهور تاريخ الفاتورة نوع المادة (كوها)
    Dewey Decimal Classification     المكتبة المركزية المكتبة المركزية الإعارة 06/07/2004 12335   909.82/شنا 12335 28/07/2025 06/07/2004 كتب
Implemented & Customized by: BBB with SCIT (Smart Chains for Information Technology)

Powered by Koha